01488nam a2200349 a 4500001001200000003000800012006001900020007001500039008004100054020001800095020002700113040002100140035002100161050002100182100002300203245007900226250001200305260005300317300002300370500007200393500007600465500006200541504004100603533015200644650004900796650004600845655002900891700005600920710001700976856012600993999001901119ebr10500138CaPaEBRm u cr cn|||||||||111104s2011 caua sb 000 0 eng d z9781611321043 z9781611321050 (e-book) aCaPaEBRcCaPaEBR a(OCoLC)75541557814aH62b.W33 2011eb1 aWadsworth, Yoland.10aEveryday evaluation on the runh[electronic resource] /cYoland Wadsworth. a3rd ed. aWalnut Creek, Calif. :bLeft Coast Press,c2011. axx, 215 p. :bill. aCompanion to author's: Do it yourself social research. 3r ed. 2011. a"The user-friendly introductory guide to effective evaluation" --Cover. aOriginally published in Australia by Allen & Unwin, 2011. aIncludes bibliographical references. aElectronic reproduction.bPalo Alto, Calif. :cebrary,d2011.nAvailable via World Wide Web.nAccess may be limited to ebrary affiliated libraries. 0aEvaluation research (Social action programs) 0aOrganizational effectivenessxEvaluation. 7aElectronic books.2local1 aWadsworth, Yoland.tDo it yourself social research.2 aebrary, Inc.40uhttp://site.ebrary.com/lib/rucke/Doc?id=10500138zAn electronic book accessible through the World Wide Web; click to view c131225d131225